000 00302nam a22001337a 4500
008 181012b xxu||||| |||| 00| 0 eng d
020 _a0471909688
041 _aeng
080 _a616.8-006
100 _a6
101 _aKAN
245 _aTextbook of Uncommon Cancer
_cWilliams,C.J
942 _2udc
_cBK
999 _c49531
_d49531